000 00559nmm a2200241 a 4500
003 AR-BaBNM
005 20251128203743.0
008 306119s1965 ||||||||||||||000 | spa||
040 _cAR-BaBNM
100 1 _aWest, Morris
245 1 0 _aEl embajador
260 _aBarcelona
_bPomaire
_c1965
300 0 _a291 p.
650 4 _aNOVELAS
650 4 _aCOMUNISMO
653 _aNOVELA POLITICA
653 _aNARRATIVA
653 _aLITERATURA AUSTRALIANA
655 _aLITERATURA
700 1 _aVega, Carlos
_etraductor
942 _cBK
998 _cMARTIN
999 _c4799
_d4799